Managing distributed databases : (Record no. 2654)
[ view plain ]
| 000 -LEADER | |
|---|---|
| fixed length control field | 00832nam a22002412 4500 |
| 001 - CONTROL NUMBER | |
| control field | 0000004385 |
| 005 - DATE AND TIME OF LATEST TRANSACTION | |
| control field | 20151217145806.0 |
| 008 - FIXED-LENGTH DATA ELEMENTS--GENERAL INFORMATION | |
| fixed length control field | 070522s xx 000 0 eng d |
| 020 ## - INTERNATIONAL STANDARD BOOK NUMBER | |
| International Standard Book Number | 0471086231 : |
| 040 ## - CATALOGING SOURCE | |
| Original cataloging agency | KABU |
| Transcribing agency | KABU |
| 050 #0 - LIBRARY OF CONGRESS CALL NUMBER | |
| Classification number | QA76.9 |
| Item number | .D3B875 1994 |
| 100 1# - MAIN ENTRY--PERSONAL NAME | |
| Personal name | Burleson, Donald K. |
| -- | 0000154920 |
| 245 10 - TITLE STATEMENT | |
| Title | Managing distributed databases : |
| Remainder of title | building bridges between database islands / |
| Statement of responsibility, etc. | Donald K. Burleson. |
| 260 ## - PUBLICATION, DISTRIBUTION, ETC. (IMPRINT) | |
| Place of publication, distribution, etc. | New York : |
| Name of publisher, distributor, etc. | John Wiley& Sons, |
| Date of publication, distribution, etc. | c1994. |
| 300 ## - PHYSICAL DESCRIPTION | |
| Extent | xvi, 367 p. |
| 650 #0 - SUBJECT ADDED ENTRY--TOPICAL TERM | |
| Topical term or geographic name as entry element | Distributed databases. |
| -- | 0000154921 |
| 650 #0 - SUBJECT ADDED ENTRY--TOPICAL TERM | |
| Topical term or geographic name as entry element | Database management. |
| -- | 0000148184 |
| 908 ## - PUT COMMAND PARAMETER (RLIN) | |
| Put command parameter | 070522 |
| 950 ## - LOCAL HOLDINGS (RLIN) | |
| -- | 1 |
| Withdrawn status | Lost status | Source of classification or shelving scheme | Not for loan | Home library | Current library | Date acquired | Total Checkouts | Full call number | Barcode | Date last seen | Price effective from | Koha item type |
|---|---|---|---|---|---|---|---|---|---|---|---|---|
| Library of Congress Classification | Kabarak, Main Campus | Kabarak, Main Campus | 17/12/2015 | QA76.9 .D3B875 1994 | 008119 | 17/12/2015 | 17/12/2015 | General Collection | ||||
| Library of Congress Classification | Kabarak, Main Campus | Kabarak, Main Campus | 17/12/2015 | QA76.9 .D3B875 1994 | 008120 | 17/12/2015 | 17/12/2015 | General Collection | ||||
| Library of Congress Classification | Kabarak, Main Campus | Kabarak, Main Campus | 17/12/2015 | QA76.9 .D3B875 1994 | 008121 | 17/12/2015 | 17/12/2015 | General Collection |